| 000 | 00754nam a22002297a 4500 | ||
|---|---|---|---|
| 005 | 20240530110511.0 | ||
| 008 | 151205s2013 su a g b 000 0 ara d | ||
| 020 | _a9789933433957 | ||
| 040 | _aEG-CaGPL | ||
| 082 | 0 | 4 |
_221 _a953.074\ _bأ س |
| 100 | 0 | _aاحمد الدبش . | |
| 245 | 1 | 0 |
_aسلسلة التاريخ اليمنى المجهول / _cاحمد الدبش . |
| 250 | _aط1. | ||
| 260 |
_aدمشق : _bالنايا للدراسات و النشر و التوزيع ، _c2013 . |
||
| 300 |
_a296 ص ؛ _c24 سم . |
||
| 504 | _aببليوجرافية : ص 283 - 296 | ||
| 651 | 0 | 4 | _aاليمن . |
| 651 | 0 | 4 | _aالبربر . |
| 651 | 0 | 4 |
_aاليمن _xتاريخ . |
| 942 |
_2ddc _cBK |
||
| 999 |
_c61686 _d61686 |
||